قراءة للإسلام من جديد / (Record no. 15691)
[ view plain ]
| 000 -الفاتح | |
|---|---|
| حقل البيانات ثابتة الطول | 00701nam a22001697a 4500 |
| 008 - عناصر البيانات ثابتة الطول - معلومات عامة | |
| حقل البيانات ثابتة الطول | 110717s2005 xxu|||r|r|| 00| 0 arar |
| 082 ## - رقم تصنيف ديوى العشرى | |
| رقم الطبعة | 22 |
| رقم التصنيف | 210 |
| رقم المادة | ط ن ط |
| 100 ## - المدخل الرئيسى - إسم شخصى | |
| 9 (RLIN) | 26295 |
| الإسم الشخصى | طنطاوي ، نهرو عبد الصبور |
| 245 ## - بيان العنوان | |
| العنوان | قراءة للإسلام من جديد / |
| بيان المسئوليه,etc | تأليف نهرو عبد الصبور طنطاوي |
| 260 ## - PUBLICATION, DISTRIBUTION, ETC. (IMPRINT) | |
| مكان الناشر او الموزع | القاهرة?][ : |
| اسم الناشر او الموزع | المؤلف، 2005 |
| تاريخ النشر أو التوزيع | 2005 |
| 300 ## - الوصف المادى | |
| التعداد | 317 ص ؛ |
| أبعاد الوعاء | 24 سم |
| 650 ## - المدخل الاضافى بالموضوع-مصطلح موضوعى | |
| 9 (RLIN) | 13667 |
| مصطلح موضوعي أو اسم جغرافي كعنصر مدخل | الإسلام |
| 650 ## - المدخل الاضافى بالموضوع-مصطلح موضوعى | |
| 9 (RLIN) | 15034 |
| مصطلح موضوعي أو اسم جغرافي كعنصر مدخل | الشريعة الإسلامية |
| 653 ## - مصطلح تكشيفى غير مقيد | |
| Resource For college | |
| Arrived date list | July2011 |
| 942 ## - عناصر المدخل الإضافي( كوها) | |
| مصدر التصنيف او مخطط الترفيف | Dewey Decimal Classification |
| Koha [default] item type | Book - Borrowing |
| حالة التراجع | حالة الفقد | مصدر التصنيف او خطة الترفيف | حالة تلف | ليس للاعارة | مجموعات كوها | المكان الدائم | المكان الحالي | موقع الترفيف | تاريخ الاكتساب | Source of acquisition | رقم الاستدعاء | الباركود | Date last seen | نوع الوعاء |
|---|---|---|---|---|---|---|---|---|---|---|---|---|---|---|
| Dewey Decimal Classification | Alef-Baa | Central Library | Central Library | Lower Floor | 17/07/2011 | 210 ط ن ط | 000024362 | 15/07/2025 | Book - Borrowing |